Steph Curry Quiz - Statistics

General Stats
  • This quiz has been taken 29 times
  • The average score is 12 of 15
Answer Stats
Question Answer % Correct
What pick was he drafted? 7
100%
Who is his longest tenured teammate? Draymond Green
95%
Born in the same hospital as what famous athlete? LeBron James
95%
How many MVPs he's won? 2
89%
What city was he born in? Akron
89%
What college did he go to? Davidson
89%
What is his first name? Wardell
89%
What's his favorite NFL team? Panthers
84%
What year did he win his first championship? 2015
79%
What jersey number does he wear? 30
79%
What is his career high in points? 62
74%
What is his wife's name? Ayesha
74%
What brand is he sponsored by? Under Armor
74%
What is his most famous celebration? Night Night
63%
How many threes did he make in order to break the record? 2,973
26%
No matching quizzes found
Score Distribution
Percent of People with Each Score
Percentile by Number Answered
Your Score History
You have not taken this quiz